| 000 | 00845nam a22002777a 4500 | ||
|---|---|---|---|
| 003 | CHAP | ||
| 005 | 20220817042718.0 | ||
| 008 | 971013s1980 r 10010 d | ||
| 010 | _a53096 | ||
| 011 | _a54068 | ||
| 035 | _a58218 | ||
| 040 | _cCHAP | ||
| 082 |
_a631.521 _bS44 |
||
| 111 | 0 | 0 |
_aSeed Technology Conference ( _n3 _d: 1980 _c: Ames, Iowa) _9103578 |
| 245 | _aProceedings | ||
| 260 |
_aAmes, Iowa : _bSeed Science Center, _c1980 |
||
| 300 |
_a107 p. _b: ilus. |
||
| 590 |
_aBATCH-UPD _b10 _c20130110 _lUCH01 _h0638 |
||
| 590 |
_aBATCH-UPD _b10 _c20130110 _lUCH01 _h2339 |
||
| 590 |
_aCONVERSION _b10 _c20130109 _lUCH01 _h1329 |
||
| 650 | 1 | 4 | _aSemillas. |
| 710 | 0 |
_aIowa State University. Ames. Seed Science Center. _960294 |
|
| 901 | _aBK | ||
| 942 | _cLIBRO | ||
| 949 |
_a631.521 S44 _bBC _cLIBRO _d33724000085304 _eLIBRO _h66123 _i58218 _sb |
||
| 999 |
_c53096 _d53096 |
||